[Event "Kosteniuk-Muzychuk Blitz m"]
[Site "Chess.com INT"]
[Date "2020.06.06"]
[Round "1"]
[White "Muzychuk, Anna"]
[Black "Kosteniuk, Alexandra"]
[Result "1/2-1/2"]
[WhiteElo "2535"]
[BlackElo "2471"]
[PlyCount "149"]
[EventDate "2020.06.06"]
[EventType "match (blitz)"]
[EventRounds "25"]
[EventCountry "RUS"]
[SourceTitle "CBM 196 Extra"]
[Source "ChessBase"]
[SourceDate "2020.07.31"]
[SourceVersion "1"]
[SourceVersionDate "2020.07.31"]
[SourceQuality "1"]

1. e4 c6 2. d4 d5 3. exd5 cxd5 4. Bd3 Nc6 5. c3 Nf6 6. Bf4 g6 7. Nf3 Bg7 8.
Nbd2 Qb6 9. Qb3 Qd8 10. h3 O-O 11. O-O h6 12. Rfe1 Kh7 13. Ne5 Ne8 14. Ndf3
Nxe5 15. Nxe5 a5 16. Qc2 Qb6 17. Re3 Nd6 18. Bxg6+ Kh8 19. Bxf7 Bf5 20. Ng6+
Kh7 21. Nxf8+ Rxf8 22. Qe2 Nxf7 23. Rxe7 Qg6 24. Bg3 b6 25. Re1 Ng5 26. Kh2 Kg8
27. Re8 Ne4 28. Rxf8+ Bxf8 29. Qe3 Bd6 30. Bxd6 Qxd6+ 31. Kg1 Qg6 32. Kh2 Qd6+
33. f4 h5 34. Rf1 Qg6 35. Qf3 Kf7 36. Qe3 h4 37. Qf3 Ke6 38. Re1 Kd6 39. b3 b5
40. Qe3 Kc6 41. a4 bxa4 42. bxa4 Qg3+ 43. Qxg3 hxg3+ 44. Kg1 Kd6 45. Re3 Bd7
46. c4 Bxa4 47. Ra3 Bd1 48. c5+ Kc6 49. Rxa5 Be2 50. Ra2 Bc4 51. Rb2 Nc3 52.
Rd2 Ne2+ 53. Kf1 Nxf4+ 54. Ke1 Nd3+ 55. Ke2 Nf2+ 56. Kf3 Ne4 57. Rd1 Kd7 58.
Rb1 Nd2+ 59. Kxg3 Nxb1 60. Kf4 Nc3 61. Ke5 Ne4 62. g4 Nf2 63. g5 Nxh3 64. g6
Ke7 65. g7 Kf7 66. c6 Kxg7 67. c7 Ba6 68. Kxd5 Nf4+ 69. Kc6 Bc8 70. d5 Kf7 71.
d6 Ke6 72. d7 Bxd7+ 73. Kb7 Nd5 74. c8=Q Bxc8+ 75. Kxc8 1/2-1/2

[Event "Kosteniuk-Muzychuk Blitz m"]
[Site "Chess.com INT"]
[Date "2020.06.06"]
[Round "2"]
[White "Kosteniuk, Alexandra"]
[Black "Muzychuk, Anna"]
[Result "1/2-1/2"]
[WhiteElo "2471"]
[BlackElo "2535"]
[PlyCount "76"]
[EventDate "2020.06.06"]
[EventType "match (blitz)"]
[EventRounds "25"]
[EventCountry "RUS"]
[SourceTitle "CBM 196 Extra"]
[Source "ChessBase"]
[SourceDate "2020.07.31"]
[SourceVersion "1"]
[SourceVersionDate "2020.07.31"]
[SourceQuality "1"]

1. Nf3 f5 2. d4 Nf6 3. g3 g6 4. Bg2 Bg7 5. O-O O-O 6. c4 d6 7. Nc3 e6 8. Qc2
Nc6 9. Rd1 Qe7 10. d5 Nb4 11. Qb3 Na6 12. dxe6 Nc5 13. Qc2 c6 14. Bf4 Rd8 15.
Ng5 Bxe6 16. Nxe6 Qxe6 17. b3 Nfe4 18. Nxe4 Nxe4 19. Rac1 Rd7 20. f3 Nf6 21.
Rd3 Rad8 22. Rcd1 d5 23. Bg5 dxc4 24. Qxc4 Qxc4 25. bxc4 Rxd3 26. Rxd3 Rxd3 27.
exd3 Nd7 28. Kf2 Bd4+ 29. Ke2 Nc5 30. Be3 Ne6 31. f4 Kf7 32. Bxd4 Nxd4+ 33. Ke3
Nc2+ 34. Kd2 Nd4 35. Kc3 Ne2+ 36. Kd2 Nd4 37. Ke3 Nc2+ 38. Kd2 Nd4 1/2-1/2

[Event "Kosteniuk-Muzychuk Blitz m"]
[Site "Chess.com INT"]
[Date "2020.06.06"]
[Round "3"]
[White "Muzychuk, Anna"]
[Black "Kosteniuk, Alexandra"]
[Result "1/2-1/2"]
[WhiteElo "2535"]
[BlackElo "2471"]
[PlyCount "134"]
[EventDate "2020.06.06"]
[EventType "match (blitz)"]
[EventRounds "25"]
[EventCountry "RUS"]
[SourceTitle "CBM 196 Extra"]
[Source "ChessBase"]
[SourceDate "2020.07.31"]
[SourceVersion "1"]
[SourceVersionDate "2020.07.31"]
[SourceQuality "1"]

1. e4 c5 2. Nf3 Nc6 3. Bb5 Nf6 4. Nc3 Nd4 5. e5 Nxb5 6. Nxb5 Nd5 7. c4 Nc7 8.
Nc3 g6 9. O-O Bg7 10. Re1 O-O 11. d4 cxd4 12. Nxd4 d6 13. Bf4 d5 14. c5 Ne6 15.
Nxe6 Bxe6 16. Qd4 Qd7 17. b4 Rac8 18. Rac1 b6 19. Ne2 Qb5 20. Nc3 Qd7 21. Ne2
Qb5 22. Nc3 Qc4 23. Qxc4 dxc4 24. cxb6 axb6 25. Red1 Rfd8 26. Rxd8+ Rxd8 27.
Rd1 Rxd1+ 28. Nxd1 f6 29. a4 fxe5 30. Bd2 e4 31. a5 bxa5 32. bxa5 Bc8 33. Bc3
Bf6 34. Kf1 Kf7 35. Ke1 Ke6 36. Kd2 Kd5 37. Bb4 Kc6 38. Nc3 Bf5 39. Ke3 Bg5+
40. Kd4 e3 41. fxe3 Bd3 42. e4 h5 43. Nd5 e6 44. Ne7+ Bxe7 45. Bxe7 Kb5 46. Bd8
Bf1 47. g3 Bg2 48. Be7 Bf3 49. Bd6 Bg2 50. e5 Bd5 51. Kc3 Kxa5 52. h4 Kb5 53.
Be7 Be4 54. Bg5 Bd3 55. Be3 Kc6 56. Bd2 Kd5 57. Bf4 Ke4 58. Kd2 Kd4 59. Kc1 c3
60. Kd1 Ke4 61. Kc1 Kd4 62. Kd1 Kc4 63. Kc1 Kb3 64. Bg5 Bf5 65. Bf4 c2 66. Bg5
Kc3 67. Bf4 Kd3 1/2-1/2

[Event "Kosteniuk-Muzychuk Blitz m"]
[Site "Chess.com INT"]
[Date "2020.06.06"]
[Round "4"]
[White "Kosteniuk, Alexandra"]
[Black "Muzychuk, Anna"]
[Result "1/2-1/2"]
[WhiteElo "2471"]
[BlackElo "2535"]
[PlyCount "145"]
[EventDate "2020.06.06"]
[EventType "match (blitz)"]
[EventRounds "25"]
[EventCountry "RUS"]
[SourceTitle "CBM 196 Extra"]
[Source "ChessBase"]
[SourceDate "2020.07.31"]
[SourceVersion "1"]
[SourceVersionDate "2020.07.31"]
[SourceQuality "1"]

1. Nf3 f5 2. d4 Nf6 3. g3 g6 4. Bg2 Bg7 5. O-O O-O 6. c4 d6 7. Nc3 e6 8. Qc2
Qe7 9. e4 e5 10. dxe5 dxe5 11. Re1 Nc6 12. a3 fxe4 13. Ng5 Nd4 14. Qb1 Bf5 15.
Ngxe4 Nb3 16. Ra2 Nxc1 17. Qxc1 c6 18. b4 Rad8 19. Rae2 Nxe4 20. Nxe4 Rd4 21.
c5 Bxe4 22. Rxe4 Qf7 23. Qc2 Rfd8 24. Rxd4 Rxd4 25. Rd1 Qd7 26. Rxd4 Qxd4 27.
Qb3+ Kf8 28. Qe6 Qd8 29. Bf1 Qe8 30. Qd6+ Kg8 31. Bc4+ Kh8 32. Qc7 e4 33. Bf7
Qa8 34. Qe7 Bb2 35. Qxe4 Qf8 36. Bc4 Kg7 37. Qd3 Qe7 38. Kg2 Be5 39. h4 Bc7 40.
Qf3 Be5 41. h5 Qf6 42. Qg4 Qe7 43. hxg6 hxg6 44. Bd3 Qf7 45. Be4 Bb2 46. a4 Ba3
47. Bf3 Bb2 48. b5 cxb5 49. axb5 Be5 50. c6 bxc6 51. bxc6 Bc7 52. Be4 Bb6 53.
f4 Qa2+ 54. Kh3 Qf7 55. f5 Qf6 56. fxg6 Qe7 57. Qf3 Qe6+ 58. g4 Qf6 59. Bf5 a5
60. Qd3 Qe7 61. Qc3+ Qf6 62. Qb3 Bc7 63. Qd3 Qe7 64. g5 Bd8 65. Qd4+ Kg8 66.
Qd5+ Kg7 67. Qd4+ Kg8 68. Qc4+ Kg7 69. Qc3+ Kg8 70. Qb3+ Kg7 71. Qc3+ Kg8 72.
Qc4+ Kg7 73. Qd4+ 1/2-1/2

[Event "Kosteniuk-Muzychuk Blitz m"]
[Site "Chess.com INT"]
[Date "2020.06.06"]
[Round "5"]
[White "Muzychuk, Anna"]
[Black "Kosteniuk, Alexandra"]
[Result "0-1"]
[WhiteElo "2535"]
[BlackElo "2471"]
[PlyCount "74"]
[EventDate "2020.06.06"]
[EventType "match (blitz)"]
[EventRounds "25"]
[EventCountry "RUS"]
[SourceTitle "CBM 196 Extra"]
[Source "ChessBase"]
[SourceDate "2020.07.31"]
[SourceVersion "1"]
[SourceVersionDate "2020.07.31"]
[SourceQuality "1"]

1. e4 e5 2. Nf3 Nc6 3. Bb5 a6 4. Ba4 Nf6 5. O-O Be7 6. Re1 b5 7. Bb3 d6 8. c3
O-O 9. h3 h6 10. d4 Re8 11. Nbd2 Bf8 12. Nf1 Bb7 13. Ng3 Na5 14. Bc2 Nc4 15. b3
Nb6 16. Bd2 a5 17. Bd3 c6 18. Qc2 a4 19. Nf5 Kh7 20. Rad1 g6 21. Ng3 axb3 22.
axb3 Qe7 23. Ra1 Bg7 24. Rxa8 Rxa8 25. c4 bxc4 26. bxc4 exd4 27. e5 Nfd7 28. e6
Nc5 29. exf7 Qxf7 30. Bf1 d3 31. Bxd3 Nxd3 32. Qxd3 Nxc4 33. Ne4 Qd5 34. Qb1
Nxd2 35. Qxb7 Nxf3+ 36. gxf3 Rf8 37. Ra1 Rf7 0-1

[Event "Kosteniuk-Muzychuk Blitz m"]
[Site "Chess.com INT"]
[Date "2020.06.06"]
[Round "6"]
[White "Kosteniuk, Alexandra"]
[Black "Muzychuk, Anna"]
[Result "1/2-1/2"]
[WhiteElo "2471"]
[BlackElo "2535"]
[PlyCount "74"]
[EventDate "2020.06.06"]
[EventType "match (blitz)"]
[EventRounds "25"]
[EventCountry "RUS"]
[SourceTitle "CBM 196 Extra"]
[Source "ChessBase"]
[SourceDate "2020.07.31"]
[SourceVersion "1"]
[SourceVersionDate "2020.07.31"]
[SourceQuality "1"]

1. Nf3 f5 2. g3 Nf6 3. Bg2 g6 4. d4 Bg7 5. O-O O-O 6. c4 d6 7. Nc3 e6 8. Qc2
Nc6 9. a3 e5 10. dxe5 dxe5 11. Rd1 Qe8 12. Nd5 Rf7 13. Ng5 Rd7 14. Nxf6+ Bxf6
15. Bd5+ Kh8 16. Ne6 Nd4 17. Nxd4 exd4 18. h4 c6 19. Bf3 Rd8 20. Kg2 Be6 21.
Rb1 Qf7 22. b3 Rd7 23. Bf4 Rad8 24. Rd3 Kg7 25. Qd2 Qe7 26. Ra1 c5 27. Rh1 h5
28. a4 Re8 29. Re1 Qd8 30. Rd1 Ree7 31. e3 dxe3 32. Bxe3 Rxd3 33. Qxd3 Rd7 34.
Qc2 Rxd1 35. Qxd1 Qxd1 36. Bxd1 b6 37. Bf3 Be5 1/2-1/2

[Event "Kosteniuk-Muzychuk Blitz m"]
[Site "Chess.com INT"]
[Date "2020.06.06"]
[Round "7"]
[White "Muzychuk, Anna"]
[Black "Kosteniuk, Alexandra"]
[Result "1-0"]
[WhiteElo "2535"]
[BlackElo "2471"]
[PlyCount "161"]
[EventDate "2020.06.06"]
[EventType "match (blitz)"]
[EventRounds "25"]
[EventCountry "RUS"]
[SourceTitle "CBM 196 Extra"]
[Source "ChessBase"]
[SourceDate "2020.07.31"]
[SourceVersion "1"]
[SourceVersionDate "2020.07.31"]
[SourceQuality "1"]

1. e4 e5 2. Nf3 Nc6 3. Nc3 Nf6 4. Bb5 Nd4 5. Nxd4 exd4 6. Nd5 Nxd5 7. exd5 Qe7+
8. Qe2 Qxe2+ 9. Kxe2 Bc5 10. a4 a5 11. b3 b6 12. Kd3 Bb7 13. Re1+ Kf8 14. Bc4
c6 15. dxc6 dxc6 16. Bb2 Rd8 17. Re4 b5 18. axb5 cxb5 19. Bxb5 Bxe4+ 20. Kxe4
Bb6 21. Kd3 Ke7 22. Re1+ Kd6 23. Bc4 Rhe8 24. Ba3+ Kc7 25. Rxe8 Rxe8 26. Bxf7
Re1 27. Bd5 Rf1 28. Ke2 Ra1 29. Bf8 g6 30. Bg8 Rg1 31. g3 Rg2 32. Bxh7 d3+ 33.
Kxd3 Rxf2 34. Ba3 Rxh2 35. Bxg6 Rg2 36. Be4 Rxg3+ 37. Kc4 Rg4 38. d3 Rg5 39.
Bb2 Be3 40. d4 Bf4 41. Bc3 Bd6 42. Bd3 Kc6 43. Bd2 Rg4 44. Bxa5 Be5 45. c3 Bf6
46. b4 Be7 47. b5+ Kb7 48. Bb4 Bd8 49. Bc5 Ba5 50. Bb4 Bb6 51. Bf5 Rf4 52. Be6
Kc7 53. Bd5 Rh4 54. Bc6 Rg4 55. Kb3 Rg3 56. Kc2 Rh3 57. Kb2 Re3 58. d5 Re2+ 59.
Kb3 Re5 60. d6+ Kd8 61. c4 Rh5 62. Kc2 Rf5 63. Kd3 Re5 64. Bd5 Re3+ 65. Kd2 Re5
66. Kd3 Re3+ 67. Kc2 Re5 68. Ba3 Re2+ 69. Kb3 Re3+ 70. Kb4 Rd3 71. Ka4 Rd4 72.
Kb3 Rd3+ 73. Ka4 Rd4 74. Bb4 Kd7 75. Bc6+ Kd8 76. Kb3 Rd3+ 77. Kc2 Rd4 78. Kc3
Rd1 79. c5 Rc1+ 80. Kd4 Rb1 81. cxb6 1-0

[Event "Kosteniuk-Muzychuk Blitz m"]
[Site "Chess.com INT"]
[Date "2020.06.06"]
[Round "8"]
[White "Kosteniuk, Alexandra"]
[Black "Muzychuk, Anna"]
[Result "0-1"]
[WhiteElo "2471"]
[BlackElo "2535"]
[PlyCount "30"]
[EventDate "2020.06.06"]
[EventType "match (blitz)"]
[EventRounds "25"]
[EventCountry "RUS"]
[SourceTitle "CBM 196 Extra"]
[Source "ChessBase"]
[SourceDate "2020.07.31"]
[SourceVersion "1"]
[SourceVersionDate "2020.07.31"]
[SourceQuality "1"]

1. e4 e5 2. Nf3 Nc6 3. Bb5 a6 4. Ba4 Nf6 5. d4 exd4 6. O-O Be7 7. e5 Ne4 8.
Nxd4 O-O 9. Nf5 d5 10. Bxc6 bxc6 11. Ng3 f5 12. exf6 Nxf6 13. c4 Bc5 14. cxd5
Ng4 15. Be3 Qh4 0-1

[Event "Kosteniuk-Muzychuk Blitz m"]
[Site "Chess.com INT"]
[Date "2020.06.06"]
[Round "9"]
[White "Muzychuk, Anna"]
[Black "Kosteniuk, Alexandra"]
[Result "1-0"]
[WhiteElo "2535"]
[BlackElo "2471"]
[PlyCount "71"]
[EventDate "2020.06.06"]
[EventType "match (blitz)"]
[EventRounds "25"]
[EventCountry "RUS"]
[SourceTitle "CBM 196 Extra"]
[Source "ChessBase"]
[SourceDate "2020.07.31"]
[SourceVersion "1"]
[SourceVersionDate "2020.07.31"]
[SourceQuality "1"]

1. e4 c5 2. Nf3 Nc6 3. Bb5 g6 4. c3 Nf6 5. Qe2 Qb6 6. a4 a6 7. Bc4 Na5 8. Na3
e6 9. e5 Nd5 10. O-O Bg7 11. d3 O-O 12. Bxd5 exd5 13. b4 Nb3 14. Rb1 Nxc1 15.
Rfxc1 d6 16. Qe3 Qc6 17. b5 axb5 18. axb5 Qe8 19. Nc2 dxe5 20. Qxc5 Be6 21. Qe3
f6 22. Nb4 Qd7 23. c4 dxc4 24. dxc4 Rfd8 25. h3 e4 26. Qxe4 Bf5 27. Qf4 Bxb1
28. Rxb1 Qd6 29. Qe4 b6 30. Nc6 Rd7 31. Re1 f5 32. Qe3 Qc5 33. Qe6+ Rf7 34. Ng5
Raf8 35. Nxf7 Rxf7 36. Nd8 1-0

[Event "Kosteniuk-Muzychuk Blitz m"]
[Site "Chess.com INT"]
[Date "2020.06.06"]
[Round "10"]
[White "Kosteniuk, Alexandra"]
[Black "Muzychuk, Anna"]
[Result "1-0"]
[WhiteElo "2471"]
[BlackElo "2535"]
[PlyCount "91"]
[EventDate "2020.06.06"]
[EventType "match (blitz)"]
[EventRounds "25"]
[EventCountry "RUS"]
[SourceTitle "CBM 196 Extra"]
[Source "ChessBase"]
[SourceDate "2020.07.31"]
[SourceVersion "1"]
[SourceVersionDate "2020.07.31"]
[SourceQuality "1"]

1. e4 e5 2. Nf3 Nc6 3. Bc4 Bc5 4. d3 Nf6 5. a4 d6 6. a5 h6 7. c3 a6 8. O-O O-O
9. Re1 Be6 10. Bxe6 fxe6 11. Qb3 Qd7 12. Be3 Bxe3 13. Rxe3 Ne7 14. Nbd2 Rab8
15. d4 Ng6 16. Nc4 Ng4 17. Ree1 Qb5 18. Qxb5 axb5 19. Ne3 Nxe3 20. Rxe3 Ra8 21.
dxe5 dxe5 22. Kf1 Rfd8 23. g3 Ra6 24. h4 h5 25. Ng5 Nf8 26. Ke2 Rdd6 27. Rd3
Nd7 28. Rxd6 Rxd6 29. b4 Kf8 30. Nf3 Ke7 31. Rg1 Rc6 32. Kd3 Rd6+ 33. Kc2 Nf6
34. Re1 Ng4 35. Re2 Kf6 36. Ne1 Ke7 37. Nd3 Kf6 38. f3 Nh6 39. Nxe5 Rd8 40. Nd3
Nf7 41. f4 e5 42. fxe5+ Nxe5 43. Rf2+ Ke6 44. Nxe5 Kxe5 45. Rf5+ Kxe4 46. Rxb5
1-0

[Event "Kosteniuk-Muzychuk Blitz m"]
[Site "Chess.com INT"]
[Date "2020.06.06"]
[Round "11"]
[White "Muzychuk, Anna"]
[Black "Kosteniuk, Alexandra"]
[Result "1/2-1/2"]
[WhiteElo "2535"]
[BlackElo "2471"]
[PlyCount "65"]
[EventDate "2020.06.06"]
[EventType "match (blitz)"]
[EventRounds "25"]
[EventCountry "RUS"]
[SourceTitle "CBM 196 Extra"]
[Source "ChessBase"]
[SourceDate "2020.07.31"]
[SourceVersion "1"]
[SourceVersionDate "2020.07.31"]
[SourceQuality "1"]

1. e4 c6 2. d4 d5 3. exd5 cxd5 4. Bd3 Nc6 5. c3 Nf6 6. Bf4 Bg4 7. Qb3 e5 8.
dxe5 Nh5 9. Be3 Nxe5 10. Bb5+ Nc6 11. Qa4 Bd7 12. Nf3 Bd6 13. O-O O-O 14. Nbd2
h6 15. Rad1 Nf6 16. h3 a6 17. Bxc6 bxc6 18. Qh4 Re8 19. Rfe1 Rb8 20. b4 Rc8 21.
Bd4 Rxe1+ 22. Rxe1 c5 23. bxc5 Bxc5 24. Nb3 Bd6 25. Ne5 Bf5 26. Nd2 Ne4 27.
Qxd8+ Rxd8 28. Nxe4 Bxe4 29. f3 Bf5 30. Nc6 Rc8 31. Ne7+ Bxe7 32. Rxe7 Bd3 33.
a4 1/2-1/2

[Event "Kosteniuk-Muzychuk Blitz m"]
[Site "Chess.com INT"]
[Date "2020.06.06"]
[Round "12"]
[White "Kosteniuk, Alexandra"]
[Black "Muzychuk, Anna"]
[Result "1/2-1/2"]
[WhiteElo "2471"]
[BlackElo "2535"]
[PlyCount "93"]
[EventDate "2020.06.06"]
[EventType "match (blitz)"]
[EventRounds "25"]
[EventCountry "RUS"]
[SourceTitle "CBM 196 Extra"]
[Source "ChessBase"]
[SourceDate "2020.07.31"]
[SourceVersion "1"]
[SourceVersionDate "2020.07.31"]
[SourceQuality "1"]

1. Nf3 Nf6 2. g3 c5 3. Bg2 g6 4. d4 cxd4 5. Nxd4 Bg7 6. O-O O-O 7. c4 d5 8. Na3
e5 9. Nb3 d4 10. e3 Nc6 11. exd4 exd4 12. Nb5 Bg4 13. f3 Be6 14. N5xd4 Nxd4 15.
Qxd4 Qxd4+ 16. Nxd4 Bxc4 17. Rd1 Rfd8 18. Be3 Nd5 19. Bf2 Nb4 20. b3 Bd3 21. a3
Rxd4 22. axb4 Rxb4 23. Rxa7 Rxa7 24. Bxa7 Rxb3 25. Bf1 Bxf1 26. Rd8+ Bf8 27.
Bc5 Rb1 28. Kf2 h5 29. Rxf8+ Kg7 30. Rb8 Bc4 31. Bd4+ f6 32. g4 hxg4 33. fxg4
Rd1 34. Rd8 Rd2+ 35. Ke1 Re2+ 36. Kd1 Rxh2 37. g5 Kf7 38. Bxf6 Bb3+ 39. Kc1 Be6
40. Rb8 Bd5 41. Rd8 Bc6 42. Rc8 Ke6 43. Rd8 Kf5 44. Rd2 Rh1+ 45. Rd1 Rxd1+ 46.
Kxd1 b5 47. Kc1 1/2-1/2

[Event "Kosteniuk-Muzychuk Blitz m"]
[Site "Chess.com INT"]
[Date "2020.06.06"]
[Round "13"]
[White "Muzychuk, Anna"]
[Black "Kosteniuk, Alexandra"]
[Result "1-0"]
[WhiteElo "2535"]
[BlackElo "2471"]
[PlyCount "119"]
[EventDate "2020.06.06"]
[EventType "match (blitz)"]
[EventRounds "25"]
[EventCountry "RUS"]
[SourceTitle "CBM 196 Extra"]
[Source "ChessBase"]
[SourceDate "2020.07.31"]
[SourceVersion "1"]
[SourceVersionDate "2020.07.31"]
[SourceQuality "1"]

1. e4 c6 2. d4 d5 3. exd5 cxd5 4. Bd3 Nc6 5. c3 Nf6 6. Bf4 Bg4 7. Nf3 e6 8.
Nbd2 Bd6 9. Bxd6 Qxd6 10. O-O O-O 11. Qb3 Qc7 12. Rfe1 Bxf3 13. Nxf3 a6 14. Qc2
g6 15. Re2 Rac8 16. Qd2 Kg7 17. a3 Rfe8 18. Rae1 b5 19. h3 Re7 20. Ne5 Nxe5 21.
dxe5 Nd7 22. Re3 Rf8 23. h4 f5 24. exf6+ Rxf6 25. h5 Qf4 26. R1e2 e5 27. Bc2
Rd6 28. Qe1 Rf7 29. Rf3 Qg5 30. Rxf7+ Kxf7 31. hxg6+ hxg6 32. Re3 Kg7 33. Rg3
Qf4 34. Rf3 Qg5 35. Qd1 Qe7 36. Rg3 e4 37. Qg4 Ne5 38. Qc8 Rc6 39. Qa8 Qd7 40.
Rh3 Qc8 41. Qa7+ Rc7 42. Qd4 Qe6 43. Bb3 Rd7 44. Rg3 Qf6 45. Re3 Ng4 46. Rxe4
Qxd4 47. Rxd4 Nf6 48. a4 Kf8 49. axb5 axb5 50. Rb4 Rb7 51. Ba4 Ne4 52. Bxb5 Ke7
53. Bc6 Rxb4 54. cxb4 Kd6 55. b5 Nd2 56. f3 Nc4 57. Kf2 Nxb2 58. Ke3 Nc4+ 59.
Kd4 Na5 60. Bxd5 1-0

[Event "Kosteniuk-Muzychuk Blitz m"]
[Site "Chess.com INT"]
[Date "2020.06.06"]
[Round "14"]
[White "Kosteniuk, Alexandra"]
[Black "Muzychuk, Anna"]
[Result "1/2-1/2"]
[WhiteElo "2471"]
[BlackElo "2535"]
[PlyCount "105"]
[EventDate "2020.06.06"]
[EventType "match (blitz)"]
[EventRounds "25"]
[EventCountry "RUS"]
[SourceTitle "CBM 196 Extra"]
[Source "ChessBase"]
[SourceDate "2020.07.31"]
[SourceVersion "1"]
[SourceVersionDate "2020.07.31"]
[SourceQuality "1"]

1. Nf3 Nf6 2. c4 g6 3. g3 Bg7 4. Bg2 c5 5. O-O O-O 6. d4 cxd4 7. Nxd4 d5 8.
cxd5 Nxd5 9. Na3 Nc6 10. Nxc6 bxc6 11. Qa4 Qb6 12. e4 Nb4 13. Be3 Qb7 14. Nc4
Be6 15. Rac1 Qb5 16. Qb3 Rfd8 17. a4 Qb8 18. Rfd1 Rxd1+ 19. Rxd1 Na6 20. Qxb8+
Rxb8 21. Na5 Rxb2 22. Nxc6 h5 23. Nxe7+ Kh7 24. Nd5 Ra2 25. Bxa7 Rxa4 26. Be3
Nb4 27. Nxb4 Rxb4 28. h3 Ra4 29. f4 Ra3 30. Kf2 Ra2+ 31. Rd2 Rxd2+ 32. Bxd2
Bd4+ 33. Be3 Bxe3+ 34. Kxe3 Kg7 35. h4 Bg4 36. Kd4 Kf6 37. Bf1 Kg7 38. Ke5 Be6
39. Bb5 Ba2 40. Bc6 Bb1 41. Bd5 Bc2 42. Kd6 Kf8 43. e5 Bb1 44. Bc4 Bf5 45. e6
fxe6 46. Bxe6 Bb1 47. Ke5 Kg7 48. f5 gxf5 49. Bxf5 Ba2 50. Be6 Bb1 51. Kf4 Kh6
52. Bf5 Ba2 53. Ke5 1/2-1/2

[Event "Kosteniuk-Muzychuk Blitz m"]
[Site "Chess.com INT"]
[Date "2020.06.06"]
[Round "15"]
[White "Muzychuk, Anna"]
[Black "Kosteniuk, Alexandra"]
[Result "1/2-1/2"]
[WhiteElo "2535"]
[BlackElo "2471"]
[PlyCount "107"]
[EventDate "2020.06.06"]
[EventType "match (blitz)"]
[EventRounds "25"]
[EventCountry "RUS"]
[SourceTitle "CBM 196 Extra"]
[Source "ChessBase"]
[SourceDate "2020.07.31"]
[SourceVersion "1"]
[SourceVersionDate "2020.07.31"]
[SourceQuality "1"]

1. e4 c5 2. Nf3 Nc6 3. Nc3 d6 4. Bb5 e5 5. O-O Nge7 6. Nd5 a6 7. Bc4 b5 8. Nxe7
Nxe7 9. Be2 Bb7 10. a4 b4 11. Bc4 Ng6 12. d3 Be7 13. c3 O-O 14. cxb4 cxb4 15.
Qb3 a5 16. Be3 Qe8 17. Bd5 Bxd5 18. Qxd5 Kh8 19. Nd2 f5 20. f3 Nh4 21. Bf2 Ng6
22. g3 fxe4 23. dxe4 Bg5 24. Kg2 Bxd2 25. Qxd2 Qf7 26. Be3 Qe6 27. Qd3 Rfd8 28.
Rfd1 Ne7 29. Bg5 h6 30. Bxe7 Qxe7 31. Rac1 Rac8 32. Qa6 Rxc1 33. Rxc1 d5 34.
exd5 Rxd5 35. Rc8+ Kh7 36. Qe2 Rd4 37. Rc4 Rxc4 38. Qxc4 Qd6 39. Qe4+ Kg8 40.
b3 Qd2+ 41. Kh3 Qd7+ 42. g4 Qf7 43. Qd3 Qf4 44. Kg2 Kf7 45. Qd5+ Kf6 46. Qd6+
Kf7 47. Qd7+ Kf6 48. h4 Kg6 49. h5+ Kh7 50. Qd3+ Kg8 51. Qd5+ Kh7 52. Qd3+ Kg8
53. Qd5+ Kh7 54. Qd3+ 1/2-1/2

[Event "Kosteniuk-Muzychuk Blitz m"]
[Site "Chess.com INT"]
[Date "2020.06.06"]
[Round "16"]
[White "Kosteniuk, Alexandra"]
[Black "Muzychuk, Anna"]
[Result "1/2-1/2"]
[WhiteElo "2471"]
[BlackElo "2535"]
[PlyCount "131"]
[EventDate "2020.06.06"]
[EventType "match (blitz)"]
[EventRounds "25"]
[EventCountry "RUS"]
[SourceTitle "CBM 196 Extra"]
[Source "ChessBase"]
[SourceDate "2020.07.31"]
[SourceVersion "1"]
[SourceVersionDate "2020.07.31"]
[SourceQuality "1"]

1. e4 e5 2. Nf3 Nc6 3. Bc4 Nf6 4. d3 Be7 5. O-O O-O 6. Re1 d6 7. a4 Na5 8. Ba2
c5 9. Na3 Be6 10. Bxe6 fxe6 11. Nc4 Nxc4 12. dxc4 Qe8 13. Ng5 Qd7 14. Qd3 h6
15. Nh3 Rad8 16. f4 d5 17. exd5 e4 18. dxe6 Qxe6 19. Qe2 Bd6 20. Be3 Ng4 21.
Rad1 Nxe3 22. Qxe3 Qxc4 23. Qxe4 Qxe4 24. Rxe4 Kf7 25. Kf2 Be7 26. Rxd8 Rxd8
27. Ke2 Bf6 28. c3 Rd6 29. g4 Rb6 30. b4 Bxc3 31. bxc5 Rb2+ 32. Kf3 Rxh2 33.
Nf2 g5 34. Kg3 Rh4 35. Nh3 Bf6 36. fxg5 hxg5 37. Rb4 Kg6 38. Nf2 Be5+ 39. Kf3
Rh7 40. Nd3 Bh2 41. Rb2 Rf7+ 42. Ke4 Re7+ 43. Kd5 Rd7+ 44. Kc4 Bg3 45. a5 Kf6
46. a6 bxa6 47. Ra2 Re7 48. Rxa6+ Kf7 49. Kd5 Rd7+ 50. Ke4 Re7+ 51. Kf5 Rd7 52.
Nb4 Rc7 53. c6 Re7 54. Nd3 Bd6 55. Kxg5 Ke6 56. Nf4+ Kf7 57. Nh5 Ke6 58. Kh6
Kd5 59. g5 Rc7 60. g6 Be5 61. Ra5+ Kd6 62. Rxe5 Kxe5 63. g7 Rxg7 64. Nxg7 Kd6
65. Kg5 Kxc6 66. Kf4 1/2-1/2

[Event "Kosteniuk-Muzychuk Blitz m"]
[Site "Chess.com INT"]
[Date "2020.06.06"]
[Round "17"]
[White "Muzychuk, Anna"]
[Black "Kosteniuk, Alexandra"]
[Result "0-1"]
[WhiteElo "2535"]
[BlackElo "2471"]
[PlyCount "118"]
[EventDate "2020.06.06"]
[EventType "match (blitz)"]
[EventRounds "25"]
[EventCountry "RUS"]
[SourceTitle "CBM 196 Extra"]
[Source "ChessBase"]
[SourceDate "2020.07.31"]
[SourceVersion "1"]
[SourceVersionDate "2020.07.31"]
[SourceQuality "1"]

1. e4 c6 2. d4 d5 3. exd5 cxd5 4. Bd3 Nc6 5. c3 Nf6 6. Bf4 Bg4 7. Qb3 e5 8.
dxe5 Nh5 9. Be3 Nxe5 10. Bb5+ Nc6 11. Qa4 Bd7 12. Nf3 Bd6 13. O-O O-O 14. Nbd2
Qc7 15. Qh4 Nf4 16. Rfe1 Ng6 17. Qh5 Nce5 18. Bxd7 Qxd7 19. Nxe5 Nxe5 20. Nf3
Ng4 21. Rad1 Nf6 22. Qh4 Rfe8 23. Bd4 Ne4 24. h3 h6 25. Qg4 f5 26. Qg6 Qf7 27.
Qxf7+ Kxf7 28. Kf1 f4 29. Nd2 Re6 30. f3 Ng3+ 31. Kf2 Rxe1 32. Rxe1 Nf5 33. Nb3
g6 34. Be5 Bxe5 35. Rxe5 Rd8 36. Nc5 b6 37. Nd3 Kf6 38. Re1 g5 39. Re2 d4 40.
cxd4 Rxd4 41. Ne5 h5 42. Nc6 Rd6 43. Nxa7 Ng3 44. Re1 Rd2+ 45. Kg1 Rxb2 46. a4
Nf5 47. Nc8 Ne3 48. g4 hxg4 49. hxg4 Rg2+ 50. Kh1 Rg3 51. Nxb6 Rxf3 52. a5 Nxg4
53. Ra1 Rh3+ 54. Kg2 Rg3+ 55. Kh1 Nf2+ 56. Kh2 Ng4+ 57. Kh1 f3 58. Nd5+ Ke5 59.
a6 Nf2+ 0-1

[Event "Kosteniuk-Muzychuk Blitz m"]
[Site "Chess.com INT"]
[Date "2020.06.06"]
[Round "18"]
[White "Kosteniuk, Alexandra"]
[Black "Muzychuk, Anna"]
[Result "1/2-1/2"]
[WhiteElo "2471"]
[BlackElo "2535"]
[PlyCount "79"]
[EventDate "2020.06.06"]
[EventType "match (blitz)"]
[EventRounds "25"]
[EventCountry "RUS"]
[SourceTitle "CBM 196 Extra"]
[Source "ChessBase"]
[SourceDate "2020.07.31"]
[SourceVersion "1"]
[SourceVersionDate "2020.07.31"]
[SourceQuality "1"]

1. e4 e5 2. Nf3 Nc6 3. Bc4 Bc5 4. d3 Nf6 5. a4 a5 6. c3 d6 7. Bg5 h6 8. Bh4 g5
9. Bg3 Be6 10. Bxe6 fxe6 11. Nbd2 O-O 12. Qe2 Qd7 13. h4 g4 14. Nh2 Qg7 15. O-O
Nh5 16. Kh1 Nxg3+ 17. fxg3 h5 18. Rxf8+ Rxf8 19. Rf1 Rxf1+ 20. Nhxf1 Qf6 21.
Ne3 Ne7 22. Kh2 Ng6 23. Nb3 b6 24. Nxc5 dxc5 25. Kg1 Kf7 26. Nc4 Ne7 27. Qe3
Kg7 28. Na3 Nc8 29. Nc4 Nd6 30. Nd2 Kg6 31. b3 Kg7 32. Nf1 Qh6 33. Qe1 Qf6 34.
Ne3 Qh6 35. Qf2 Qf6 36. Qe2 Qf7 37. Qd2 Qf6 38. Qe2 Qf7 39. Qd2 Qf6 40. Qe2
1/2-1/2